Capitals of the Countries Whose Names Start with Saint - Statistics

General Stats
  • This quiz has been taken 930 times
  • The average score is 4 of 5
Answer Stats
Country Capital % Correct
San Marino San Marino
91%
São Tomé and Príncipe São Tomé
87%
Saint Lucia Castries
62%
Saint Kitts and Nevis Basseterre
60%
Saint Vincent and the Grenadines Kingstown
58%
No matching quizzes found
Score Distribution
Percent of People with Each Score
Percentile by Number Answered
Your Score History
You have not taken this quiz